ბათუმის შოთა რუსთაველის სახელმწიფო უნივერსიტეტის ბიბლიოთეკა

ჩანაწერი Corporate Name

ჩანაწერთა რაოდენობა, რომელიც გამოყენებულია: 1

001 - CONTROL NUMBER

  • control field: 23487

003 - CONTROL NUMBER IDENTIFIER

  • control field: GE_BSU

005 - DATE AND TIME OF LATEST TRANSACTION

  • control field: 20241022164923.0

008 - FIXED-LENGTH DATA ELEMENTS

  • fixed length control field: 241022|| aca||aabn | a|a d

040 ## - CATALOGING SOURCE

  • Original cataloging agency: GE_BSU
  • Transcribing agency: GE_BSU

110 ## - HEADING--CORPORATE NAME

  • Corporate name or jurisdiction name as entry element: მონოგრაფია გამოიცა შოთა რუსთაველის ეროვნული სამეცნიერო ფონდის მხარდაჭერით

670 ## - SOURCE DATA FOUND

  • Source citation: Work cat.: (GE_BSU): მაცაბერიძე, მალხაზ, ავტორი. 23485, საბჭოთა კავშირი : კომუნისტური ტოტალიტარიზმის აღზევება და დაცემა :